|
|
|
|
| LEADER |
01095nab#a2200385#ar4500 |
| 001 |
000093621 |
| 003 |
SVKKK |
| 005 |
20090202101003.0 |
| 008 |
090202c1990 xo |||||||||||||||b|cze |
| FMT |
|
|
|
| 015 |
|
|
|a SNBRB2009/02
|
| 038 |
|
|
|a SVKKK
|
| 040 |
|
|
|a SVKKK
|b slo
|e AACR2
|
| 041 |
0 |
|
|a cze
|
| 044 |
|
|
|a xo
|c SK
|
| 080 |
|
|
|a 669.141.25
|2 1997
|
| 080 |
|
|
|a 669.18
|2 1997
|
| 080 |
|
|
|a 669.15-14
|2 1997
|
| 245 |
1 |
0 |
|a Vliv mimopecného zpracování oceli na zvýšení mechanických vlastností velmi těžkých odlitků
|c Stanislav Brotánek ... [et al.]
|
| 300 |
|
|
|b Obr., tab.
|
| 504 |
|
|
|a Bibliogr. odkazy
|
| 650 |
0 |
4 |
|a mimopecné spracovanie ocele
|
| 650 |
0 |
4 |
|a oceľové odliatky
|x mechanické vlastnosti
|
| 700 |
1 |
|
|a Brotánek, Stanislav
|4 aut
|
| 700 |
1 |
|
|a Hučka, Jan
|4 aut
|
| 700 |
1 |
|
|a Hála, Miloslav
|4 aut
|
| 700 |
1 |
|
|a Koutský, Emil
|4 aut
|
| 773 |
0 |
|
|t Druhé metalurgické sympózium - 1. diel
|d Žilina : Dom techniky ZSVTS, 1990
|g S. 225-230
|
| 958 |
|
|
|a RK
|
| 958 |
|
|
|a NB
|
| 974 |
|
|
|a Ma
|
| 992 |
|
|
|a RZB
|
| BAS |
|
|
|
| 852 |
|
|
|a SVKKK
|b BIB
|
| 998 |
|
|
|a HUT
|